01014 2200253 4500001002100000005001500021035002000036007000300056008004100059020001800100082001000118084001400128245019200142250001400334300003800348700002600386520019700412600003100609264003000640336002100670337003000691338002300721990001600744INLIS00000000000003720260410021238 a0010-0426000036ta260410 g 0 ind  a9789792930498 a004.1 a004.1 PAN aPanduan Aplikatif & Solusi (PAS) Beragam Desain Game Edukasi dengan Adobe Flash CS5 /cEditor, Hernita P ; Setting, Sri Sulistiyani ; Desain Cover, dan_dut ; Korektor, Amanda/Aktor Sadewa aCetakan 1 a212 :bIlustrasi ;c16 cm x 23 cm0 aHernita PeIlustrator aPraktis untuk membuat berbagai jenis game edukasi interaktif. Buku ini berfokus pada penggunaan ActionScript, fitur animasi, dan teknik desain di Flash CS5 untuk menciptakan game pembelajaran. 4aKomputer - Perangkat Lunak aYogyakarta :bANDI,c2012 2rdacontentaTeks 2rdamediaaTanpa perantara 2rdacarrieraVolume aPP000071/19